Cannibalism and the colonial world / (Record no. 2)

MARC details
000 -LEADER
campo de control de longitud fija 01223cam a2200325 a 4500
001 - NÚMERO DE CONTROL
campo de control 710944
003 - IDENTIFICADOR DE NÚMERO DE CONTROL
campo de control 19
005 - FECHA Y HORA DE LA ÚLTIMA TRANSACCIÓN
campo de control 20220326193244.0
008 - DATOS DE LONGITUD FIJA--INFORMACIÓN GENERAL
campo de control de longitud fija 971010s1998 enka b 001 0 eng
010 ## - NÚMERO DE CONTROL DE LA BIBLIOTECA DEL CONGRESO
Número de control de LC 97044368
020 ## - NÚMERO INTERNACIONAL ESTÁNDAR DEL LIBRO
Número Internacional Estándar del Libro 0521621186 (hc)
020 ## - NÚMERO INTERNACIONAL ESTÁNDAR DEL LIBRO
Número Internacional Estándar del Libro 052162908X (pbk.)
040 ## - FUENTE DE CATALOGACIÓN
Centro catalogador/agencia de origen DLC
Centro/agencia transcriptor DLC
Centro/agencia modificador DLC
050 00 - SIGNATURA TOPOGRÁFICA DE LA BIBLIOTECA DEL CONGRESO
Número de clasificación GN409
Número de ítem .C35 1998
082 00 - NÚMERO DE LA CLASIFICACIÓN DECIMAL DEWEY
Número de clasificación 394/.9
Número de edición 21
245 00 - MENCIÓN DEL TÍTULO
Título Cannibalism and the colonial world /
Mención de responsabilidad, etc. edited by Francis Barker, Peter Hulme, Margaret Iversen.
260 ## - PUBLICACIÓN, DISTRIBUCIÓN, ETC.
Lugar de publicación, distribución, etc. Cambridge ;
-- New York :
Nombre del editor, distribuidor, etc. Cambridge University Press,
Fecha de publicación, distribución, etc. 1998.
300 ## - DESCRIPCIÓN FÍSICA
Extensión xiv, 309 p. :
Otras características físicas ill. ;
Dimensiones 23 cm.
440 #0 - MENCIÓN DE SERIE/PUNTO DE ACCESO ADICIONAL--TÍTULO
Título Cultural margins ;
Designación de volumen o secuencia [5]
504 ## - NOTA DE BIBLIOGRAFÍA, ETC.
Nota de bibliografía, etc. Includes bibliographical references (p. 284-303) and index.
650 #0 - PUNTO DE ACCESO ADICIONAL DE MATERIA--TÉRMINO DE MATERIA
Término de materia o nombre geográfico como elemento de entrada Cannibalism.
650 #0 - PUNTO DE ACCESO ADICIONAL DE MATERIA--TÉRMINO DE MATERIA
Término de materia o nombre geográfico como elemento de entrada Cannibalism in literature..
700 1# - ENTRADA AGREGADA--NOMBRE PERSONAL
Nombre de persona Barker, Francis,
Fechas asociadas al nombre 1952-
700 1# - ENTRADA AGREGADA--NOMBRE PERSONAL
Nombre de persona Hulme, Peter.
700 1# - ENTRADA AGREGADA--NOMBRE PERSONAL
Nombre de persona Iversen, Margaret.
856 41 - LOCALIZACIÓN Y ACCESO ELECTRÓNICOS
Materiales especificados Table of contents
Identificador Uniforme de Recursos <a href="http://www.loc.gov/catdir/toc/cam024/97044368.html">http://www.loc.gov/catdir/toc/cam024/97044368.html</a>
856 42 - LOCALIZACIÓN Y ACCESO ELECTRÓNICOS
Materiales especificados Publisher description
Identificador Uniforme de Recursos <a href="http://www.loc.gov/catdir/description/cam028/97044368.html">http://www.loc.gov/catdir/description/cam028/97044368.html</a>
906 ## - ELEMENTOS DE DATOS F LOCAL, LDF (RLIN)
a 7
b cbc
c orignew
d 1
e ocip
f 19
g y-gencatlg
Holdings
Estatus retirado Estado de pérdida Fuente del sistema de clasificación o colocación Estado de daño No para préstamo Biblioteca de origen Biblioteca actual Fecha de adquisición Total de préstamos Signatura topográfica completa Código de barras Visto por última vez Precio de reemplazo Tipo de ítem Koha
    Clasificación Decimal Dewey     Biblioteca LadoV Biblioteca LadoV 16/01/2014   394/.9 2014 16/01/2014 16/01/2014 Material 01